000 00461 a2200157 4500
999 _c41830
_d41830
003 OSt
005 20230225123641.0
008 230225b ||||| |||| 00| 0 eng d
020 _a9789391560249
040 _coclc
082 _a954.84
_bKUT/M
245 _aMalabar navodhanthinte andhardharakal
_cT V Abdu Rahiman Kutty
260 _aKerala:
_bIPB books,
_c2022
300 _a331 pages
942 _2ddc
_cBK
_h954.84
_iKUT/M
_k954.84
_mKUT/M